Analyzing the distributional impact of reforms <a> practitioner's guide to pension, health, ..., and macroeconomic modeling

Enregistré dans:
Détails bibliographiques
Autres auteurs: Coudouel, Aline, Paternostro, Stefano
Format: Livre
Langue:anglais
Publié: Washington, D.C. <The> World Bank 2006
Sujets:
Tags: Ajouter un tag
Pas de tags, Soyez le premier à ajouter un tag!

MARC

LEADER 00000nam$a2200000$$$4500
001 0044404
005 20240429123152.5
020 |a 0-8213-6348-4 
041 0 |a eng 
044 |a US 
245 1 0 |a Analyzing the distributional impact of reforms  |b <a> practitioner's guide to pension, health, ..., and macroeconomic modeling  |c Edited by: Aline Coudouel, Stefano Paternostro 
264 1 |a Washington, D.C.  |b <The> World Bank  |c 2006 
300 |a 435 s. 
610 2 0 |a politika 
610 2 0 |a reformy 
610 2 0 |a krajiny rozvojové 
610 2 0 |a redukcia chudoby 
610 2 0 |a dôsledky sociálne 
610 2 0 |a reformy dôchodkové 
610 2 0 |a zdravotníctvo 
610 2 0 |a trh práce 
610 2 0 |a sektor verejný 
610 2 0 |a dane 
610 2 0 |a ceny 
610 2 0 |a výskum ekonomický 
610 2 0 |a modelovanie ekonometrické 
610 2 0 |a analýzy 
700 1 |a Coudouel, Aline 
700 1 |a Paternostro, Stefano